Emerging China (Record no. 152930)

MARC details
000 -LEADER
fixed length control field 00592nam a2200229Ia 4500
003 - CONTROL NUMBER IDENTIFIER
control field OSt
005 - DATE AND TIME OF LATEST TRANSACTION
control field 20250919090929.0
008 - FIXED-LENGTH DATA ELEMENTS--GENERAL INFORMATION
fixed length control field 210210b2012 xxu||||| |||| 00| 0 eng d
020 ## - INTERNATIONAL STANDARD BOOK NUMBER
International Standard Book Number 9780415502368
040 ## - CATALOGING SOURCE
Transcribing agency AL
041 ## - LANGUAGE CODE
Language code of text/sound track or separate title eng
082 ## - DEWEY DECIMAL CLASSIFICATION NUMBER
Classification number 327.51 DEVE
100 ## - MAIN ENTRY--PERSONAL NAME
Personal name Sudhir T Devare
9 (RLIN) 239471
245 ## - TITLE STATEMENT
Title Emerging China
Remainder of title : prospects for partnership in Asia
260 ## - PUBLICATION, DISTRIBUTION, ETC.
Place of publication, distribution, etc. London
Name of publisher, distributor, etc. Routledge
Date of publication, distribution, etc. 2012
300 ## - PHYSICAL DESCRIPTION
Extent xxii,413p
650 ## - SUBJECT ADDED ENTRY--TOPICAL TERM
Topical term or geographic name entry element prospects
9 (RLIN) 239472
690 ## - LOCAL SUBJECT ADDED ENTRY--TOPICAL TERM (OCLC, RLIN)
Topical term or geographic name as entry element International Relations
9 (RLIN) 239479
700 ## - ADDED ENTRY--PERSONAL NAME
Personal name Singh, Swaran
9 (RLIN) 239480
906 ## - LOCAL DATA ELEMENT F, LDF (RLIN)
a 068729
942 ## - ADDED ENTRY ELEMENTS (KOHA)
Source of classification or shelving scheme Dewey Decimal Classification
Koha item type Book
Holdings
Withdrawn status Lost status Source of classification or shelving scheme Damaged status Not for loan Collection code Home library Current library Date acquired Source of acquisition Cost, normal purchase price Total Checkouts Full call number Barcode Date last seen Price effective from Koha item type
    Dewey Decimal Classification     Political Science St Aloysius Library St Aloysius Library 02/17/2021 Intact Bookhouse Pvt. Ltd, Bangalore-560050 995.00   327.51 DEVE 068729 02/17/2021 02/17/2021 Book